| 000 | 00420nam a2200157 4500 | ||
|---|---|---|---|
| 001 | 4044 | ||
| 005 | 20181127172511.0 | ||
| 020 | 0 | 0 | _a9789993631118 |
| 090 | 0 | 0 | _a954.98 A957d 2013 |
| 100 | 0 | 0 | _aAvleson, Bunty. |
| 245 | 0 | 0 |
_aThe dragon finds its voice / _b _cBunty avieson. _h |
| 260 | 0 | 0 |
_aThimphu : _bBhutan Observer, _c2013. |
| 300 | 0 | 0 | _a200 p. ; 21 cm. |
| 650 | 0 | 0 |
_aJournalism --Bhutan. _x |
| 650 | 0 | 0 |
_anewspapers --Bhutan _x |
| 999 |
_c3308 _d3308 |
||